000 00391pab a2200145 454500
008 180718b1990 xxu||||| |||| 00| 0 eng d
100 _aO'Loughlin, Michael
245 _aWhat is bureaucratic accountability and how can we measure it?
260 _c1990
300 _a275-302
362 _aNov.
650 _aAdministrative Measurement
773 _aAdministration & Society
909 _a3877
999 _c3877
_d3877